• 首页
  • 本馆介绍
  • 公告通知
  • 最新文献
  • 馆藏检索
  • 电子资源
  • 读者导购
  • 参考咨询
  • 我的图书馆
  • 登录
  • 详细信息显示
  • 放入我的书架
  • 预约/预借图书
  • 作者相关作品
  • 分类相关作品
  • 丛书相关作品
  • 出版社相关作品

书目信息

  • 表格格式
  • 工作单格式
  • 卡片格式
题名:
外交学概论
    
 
作者: 鲁毅 著
分册:  
出版信息: 北京   世界知识出版社  2004
页数: 368页
开本: 20cm
丛书名:
单 册:
中图分类: D80
科图分类:
主题词: 外交理论 , 国际关系理论
电子资源:
ISBN: 7-5012-0873-5
000 00564nam0 2200217 450
001 0751546074
005 20070704144835.14
010    @a7-5012-0873-5@dCNY25.00
100    @a20070702d2004 km y0chiy0120 ea
101 0  @achi
102    @aCN@b110000
200 1  @a外交学概论@Awai jiao xue gai lun@f鲁毅等著@Flu yi deng zhu
205    @a第二版
210    @a北京@c世界知识出版社@d2004
215    @a368页@d20cm
606 0  @a外交理论
606 0  @a国际关系理论
690    @aD80@v3
701  0 @a鲁毅@Alu yi@4著
801  0 @aCN@bPFT@c20070704
905    @a10447@dD80@e21=2
    
    外交学概论/鲁毅等著.-第二版.-北京:世界知识出版社,2004
    368页;20cm
    
    
    ISBN 7-5012-0873-5:CNY25.00
    
●
相关链接 在E读中查询图书 在五车中查询图书 在当当中查询图书 在豆瓣中查询图书


正题名:外交学概论     索取号:D80/21=2         预约/预借

序号 登录号 条形码 馆藏地/架位号 状态 备注
1 0764610   207646109   第一样本阅览室/ [索取号:D80/21=2] 在馆    
唐山师范学院图书馆 欢迎您!
大连网信软件有限公司© 版权所有